Freudian - Daniel Caesar (Tracklist) - Statistics

General Stats
  • This quiz has been taken 140 times
  • The average score is 9 of 10
Answer Stats
TRACKLIST % Correct
Best Part (ft. H.E.R.)
95%
Get You (ft. Kali Uchis)
94%
Hold Me Down
93%
Freudian
92%
Loose
91%
Transform (ft. Charlotte Day Wilson)
88%
Neu Roses (Transgressor's Song)
84%
Blessed
82%
We Find Love
80%
Take Me Away (ft. Syd)
73%
No matching quizzes found
Score Distribution
Percent of People with Each Score
Percentile by Number Answered
Your Score History
You have not taken this quiz